Zwycięzcy polskiego programu The Voice Of Poland - Statystyki

Ogólne statystyki
  • Ten quiz został rozwiązany 14 razy
  • Średni wynik to 8 z 15
Statystyki odpowiedzi
Edycja Zwycięzca % Poprawnych
1 Damian Ukeje
82%
11 Krystian Ochman
64%
8 Marta Gałuszewska
64%
3 Mateusz Ziółko
64%
15 Anna Iwanek
55%
13 Dominik Dudek
55%
2 Natalia Sikora
55%
5 Aleksandra Nizio
45%
10 Alicja Szemplińska
45%
4 Juan Carlos Cano
45%
6 Krzysztof Iwaneczko
45%
12 Marta Burdynowicz
45%
7 Mateusz Grędziński
45%
14 Jan Górka
36%
9 Marcin Sójka
27%
Nie znaleziono quizów pasujących do podanych kryteriów
Rozkład punktacji
Procent ludzi z każdym wynikiem
Percentyl według liczby udzielonych odpowiedzi
Twoja historia wyników
Nie rozwiązałeś tego quizu